Гори, гори ясно. Поживем - увидим: Повесть, роман

Dettagli Bibliografici
Autore principale: Кривоносов А. Ф. Анатолий Федорович
Altri autori: Петров Ю. Юрий (иллюстратор)
Riassunto:Исключено из фонда НТБ ТПУ
Lingua:russo
Pubblicazione: Москва, Советский писатель, 1981
Natura: MixedMaterials Libro
KOHA link:https://koha.lib.tpu.ru/cgi-bin/koha/opac-detail.pl?biblionumber=142463

MARC

LEADER 00000nam0a2200000 4500
001 142463
005 20231031142745.0
020 |a RU  |b 82-5125 
035 |a (RuTPU)RU\TPU\book\154389 
090 |a 142463 
100 |a 20080905d1981 m y0rusy5003 ca 
101 0 |a rus 
102 |a RU 
105 |a y z 000zy 
200 1 |a Гори, гори ясно. Поживем - увидим  |e Повесть, роман  |f А. Ф. Кривоносов  |g худож. Ю. Петров 
210 |a Москва  |c Советский писатель  |d 1981 
215 |a 568 с. 
333 |a Исключено из фонда НТБ ТПУ 
700 1 |a Кривоносов  |b А. Ф.  |g Анатолий Федорович 
702 1 |a Петров  |b Ю.  |g Юрий  |4 440 
801 0 |a RU  |b RuMRKP  |c 19950704  |g psbo 
801 1 |a RU  |b 63413507  |c 20080905  |g PSBO 
801 2 |a RU  |b 63413507  |c 20220516  |g PSBO 
942 |c BK